LEADER 00920nam a2200217 i 4500 001 000000049742 003 CaOOAMICUS 005 20170405000000.0 008 170405s1858 it u000 u ita u 013 $a20913 040 $aSeMil$bita 100 1 $aCantù, Cesare,$c<1804-1895>.$0(OLS)http://semarc/name/2844 245 10$aBiografie :$bper corredo alla Storia universale /$cdi Cesare Cantù. 250 $a8. ed. torinese / riv. dall'autore. 300 $a1154 p. 650 4$aBiografie.$0(OLS)http://semarc/subject/2953 773 0 $aCantù, Cesare <1804-1895>$tDocumenti alla storia universale.$dTorino : Unione Tipografico-Editrice, 1862.$g9$w()4681 850 $aSeMil 852 $aSeMil$W1$xVenegono$y1$m2A VII 26 FA$j15897$B15897$CSeMilBibl$Z2$F15897 $8I 961 $aOmaggio: Biblioteca Seminario Duomo 996 $6245$aBiografie :$bper corredo alla Storia universale$9(OLS)http://semarc/title/402524 LEADER 00885nam a2200229 i 4500 001 000000193936 003 CaOOAMICUS 005 20260327084630.0 008 101102s1981 it u000 u ita u 013 $a172580 040 $aSeMil$bita 100 1 $aBerutti, Cristoforo,$c.$0(OLS)http://semarc/name/70518 245 10$aNell'attesa della sua venuta /$cp. Cristoforo Berutti. 260 $aRoma :$bIdea,$c1981. 300 $a196 p., [1] carta di tav. :$britr. ;$c20 cm 490 0 $aAlta Vena. Nuova serie ;$v5 830 0$aAlta Vena. Nuova serie ;$v5.$0(OLS)http://semarc/title/31486 850 $aSeMil 852 $aSeMil$W1$xVenegono$y1$m3J III 174$j144510$B144510$CSeMilBibl$Z2$F155816 $81 996 $6245$aNell'attesa della sua venuta$9(OLS)http://semarc/title/279589 996 $6260$aRoma :$bIdea$9(OLS)http://semarc/publisher/31731